Access 2002 VBA Handbook

Designed specifically for Access power users, not experienced programmers, this task-oriented guide will help readers build on their Access experience and develop the VBA programming skills needed to create custom database applications.

Gardado en:
Detalles Bibliográficos
Autor Principal: Novalis, Susann
Formato: Libro
Idioma:Undetermined
Publicado: San Francisco, CA Sybex 2001
Những chủ đề:
Các nhãn: Engadir etiqueta
Sen Etiquetas, Sexa o primeiro en etiquetar este rexistro!
Thư viện lưu trữ: Trung tâm Học liệu Trường Đại học Cần Thơ
LEADER 00798nam a2200193Ia 4500
001 CTU_214410
008 210402s9999 xx 000 0 und d
082 |a 005.7565 
082 |b N935 
100 |a Novalis, Susann 
245 0 |a Access 2002 VBA Handbook 
245 0 |c Susann Novalis, Dana Jones 
260 |a San Francisco, CA 
260 |b Sybex 
260 |c 2001 
520 |a Designed specifically for Access power users, not experienced programmers, this task-oriented guide will help readers build on their Access experience and develop the VBA programming skills needed to create custom database applications. 
650 |a Database management,Hệ quản trị cơ sở dữ liệu 
904 |i Đình Thư, Giang 
980 |a Trung tâm Học liệu Trường Đại học Cần Thơ